000 00705nam a2200289Ia 4500
005 20260324131251.0
008 008 260324s9999 xx 000 0 eng d
020 _a9781315701844
037 _aEBOOK
040 _aCRL
040 _beng
040 _cCRL
041 _2eng
041 _aeng
084 _qCRL
100 _aShari Garmise
_91184864
245 0 _aPeople and the Competitive Advantage of Place
245 0 _bBuilding a Workforce for the 21st Century
260 _bTaylor and Francis
260 _c2006
365 _a
365 _b290
856 _uhttp://www.taylorfrancis.com/books/9781315701844
942 _cEBOOK
999 _c1781853
_d1781853